Tre sentieri per il lago e altri racconti /
I tiakina i:
| Kaituhi matua: | |
|---|---|
| Ētahi atu kaituhi: | , |
| Hōputu: | Pukapuka |
| Reo: | Itāriana |
| I whakaputaina: |
Milano :
Adelphi,
1993
|
| Putanga: | 6. ed |
| Rangatū: | Fabula ;
8 |
| Ngā Tūtohu: |
Kāore He Tūtohu, Me noho koe te mea tuatahi ki te tūtohu i tēnei pūkete!
|
MARC
| LEADER | 00000nam a22000007i 4500 | ||
|---|---|---|---|
| 001 | IT\ICCU\RAV\0231887 | ||
| 003 | ItRI | ||
| 005 | 20260115231914.0 | ||
| 008 | 940215s1993 it |||||| ||||| |||||c | ||
| 020 | |a 8845906531 | ||
| 040 | |b ita |c importazione bologna sebina | ||
| 041 | 7 | |a ita |2 ISO-639-2 | |
| 082 | |a 833.914A |9 NARRATIVA AUSTRIACA, 1945- |2 20 | ||
| 100 | 1 | |a Bachmann, Ingeborg |0 IT\ICCU\CFIV\072723 |4 aut | |
| 240 | 1 | 0 | |a Neue Erzahlungen. - |3 IT\ICCU\RAV\0021115 |9 Bachmann, Ingeborg |
| 240 | 1 | 0 | |a Simultan. |3 IT\ICCU\CFI\0192553 |9 Bachmann, Ingeborg |
| 245 | 1 | 0 | |a Tre sentieri per il lago e altri racconti / |c Ingeborg Bachmann. |
| 250 | |a 6. ed | ||
| 260 | |a Milano : |b Adelphi, |c 1993 | ||
| 300 | |a 233 p. ; |c 22 cm | ||
| 500 | |a Trad. di Amina Pandolfi e Ippolito Pizzetti. | ||
| 700 | 1 | |a Pandolfi, Amina |0 IT\ICCU\CFIV\041288 | |
| 700 | 1 | |a Pizzetti, Ippolito |0 IT\ICCU\CFIV\020234 | |
| 790 | 1 | |a Keller, Ruth |3 IT\ICCU\RAVV\105431 |z Bachmann, Ingeborg | |
| 790 | 1 | |a Lezuo Pandolfi, Amina |3 IT\ICCU\SBNV\118960 |z Pandolfi, Amina | |
| 790 | 1 | |a Pizzetti, I. |3 IT\ICCU\SBNV\005180 |z Pizzetti, Ippolito | |
| 830 | 0 | |a Fabula ; |v 8 |0 IT\ICCU\CFI\0013960 | |
| 942 | |2 ddc |c BK |n 0 | ||
| 952 | |0 0 |1 0 |4 0 |6 DOC_833_914000000000000_BAC |7 0 |9 16025 |a BO |b BO |d 2026-01-15 |i 9199 |l 0 |o DOC 833.914 BAC |p BO9199 |r 2026-01-15 23:19:14 |w 2026-01-15 |x [Sebina 5] [1 v.] |y BK |z 1 v. | ||
| 999 | |c 13776 |d 13776 | ||